|
|
|
|
| LEADER |
00000nab a2200000 a 4500 |
| 001 |
vtls000084665 |
| 003 |
SK-MaSNL |
| 005 |
20260304073048.0 |
| 008 |
250423c1981 xo 0 slo |
| 015 |
|
|
|a SNBRB19rr/mm-uuuuu
|
| 035 |
|
|
|a CL0094767
|
| 035 |
|
|
|a urn:nbn:sk:snk-ab2a2
|
| 035 |
|
|
|a (urnnbn)urn:nbn:sk:snk:ar-a03636
|
| 035 |
|
|
|a (uuid)82032fbb-9168-49d8-a87c-817d0385914d
|
| 040 |
|
|
|a SNKBUCL
|b slo
|c SNKBUCL
|e AACR2
|
| 041 |
0 |
|
|a slo
|
| 044 |
|
|
|a xo
|c SK
|
| 080 |
|
|
|a 398
|2 1981
|
| 080 |
|
|
|a 82
|2 1981
|
| 100 |
1 |
|
|a Michálek, Ján,
|d 1932-2020
|4 aut
|9 221785
|
| 245 |
1 |
0 |
|a Spomienkové rozprávanie a spomienková literatúra
|c Ján Michálek
|
| 300 |
|
|
|b Res. rus., nem.
|
| 650 |
0 |
7 |
|a próza ľudová
|2 snkbucl
|9 1005327
|
| 650 |
0 |
7 |
|a rozprávanie ľudové
|2 snkbucl
|9 893876
|
| 650 |
0 |
7 |
|a rozprávanie spomienkové
|2 snkbucl
|9 1361473
|
| 650 |
0 |
7 |
|a literatúra memoárová
|2 snkbucl
|9 942984
|
| 655 |
|
7 |
|a články z novín a časopisov
|2 snkbucl
|9 267496
|
| 773 |
0 |
|
|t Slovenský národopis
|g Roč. 29, č. 1 (1981), s. 17-21
|
| 850 |
|
|
|a Slovenská národná knižnica
|
| 852 |
|
|
|a Slovenská národná knižnica
|
| 954 |
|
|
|a odborná, vedecká literatúra pôvodná (slovenská)
|2 lita
|
| 958 |
|
|
|a article27
|
| 958 |
|
|
|a RK
|
| 958 |
|
|
|a OND
|
| 958 |
|
|
|a EUIPO
|
| 992 |
|
|
|a RBX
|
| 999 |
|
|
|c 2769366
|d 2771296
|